| 000 | 00353nam a2200145Ia 4500 | ||
|---|---|---|---|
| 005 | 20250316164742.0 | ||
| 008 | 240331s9999 xx 000 0 und d | ||
| 082 |
_bJAB _a894 |
||
| 100 | _aJabaar, M.J.A | ||
| 245 | 0 | _aTharappattulla avakasam | |
| 260 |
_aTrincomalee _bV.J. Publications _c1996 |
||
| 300 | _aXIII, 43 p ., | ||
| 650 | _aPoems | ||
| 942 | _cL | ||
| 999 |
_c4019 _d4019 |
||